[Event "Madrid Magistral 7th"]
[Site "Madrid"]
[Date "1998.05.21"]
[Round "9"]
[White "Illescas Cordoba, Miguel"]
[Black "Beliavsky, Alexander G"]
[Result "1/2-1/2"]
[WhiteElo "2600"]
[BlackElo "2690"]
[Annotator "Illescas Cordoba,M"]
[PlyCount "81"]
[EventDate "1998.05.11"]
[EventType "tourn"]
[EventRounds "9"]
[EventCountry "ESP"]
[EventCategory "17"]
[SourceTitle "CBM 065"]
[Source "ChessBase"]
[SourceDate "1998.08.06"]
[SourceVersion "1"]
[SourceVersionDate "1998.08.06"]
[SourceQuality "1"]

1. Nf3 {Ribli} Nf6 2. c4 e6 3. g3 d5 4. d4 (4. Bg2 {Ribli} dxc4 $5) 4... Be7 5.
Bg2 O-O 6. O-O dxc4 {Das ist die klassische Variante. Schwarz nimmt den Bauern
an und während Weiß Zeit mit dessen Zurückgewinn verliert, beendet Schwarz
seine Entwicklung. Ribli.} 7. Qc2 a6 8. a4 {Das ist sehr in Mode. Früher
spielte man lieber 8.Qxc4. Mit dem Partiezug verliert Weiß Zeit und schwächt
das Feld b4, verhindert aber die Entwicklung des schwarzen Damenläufers in die
lange Diagonale.} Bd7 9. Rd1 {Eine relativ seltene Fortsetzung. Üblicher ist
die Alternative 9.Qxc4 Bc6 10.Bg5.} Bc6 10. Nc3 {[%cal Ye2e4]} Bxf3 {Schwarz
gibt das Läuferpaar auf.} (10... Nbd7 {Ribli}) (10... Bb4 $5 {Ribli} 11. Bg5
Bxc3 12. Bxf6 (12. bxc3 Be4 13. Qb2 $13) (12. Qxc3 Ne4 13. Bxd8 Nxc3 14. bxc3
Rxd8 15. Ne5 Bxg2 16. Kxg2 Nc6 $11) 12... Qxf6 13. Qxc3 Qe7 14. Qxc4 Nd7 15.
Rac1 Rfd8 16. Ne1 Bxg2 17. Nxg2 c6 $11) 11. Bxf3 Nc6 {[%cal Yc6d4]} 12. Bxc6
bxc6 13. Bg5 (13. a5 {Ribli} Qb8 14. Qa4 c5 15. Qxc4 cxd4 16. Rxd4 c5 17. Rd1
Qb4 18. Ra4 {1/2 Razuvaev-Geller, Moskva 1982}) 13... Rb8 (13... c5 {Ribli} 14.
dxc5 Qb8 15. Ne4 Qb3 16. Qxb3 cxb3 17. Bxf6 Bxf6 18. Nxf6+ gxf6 19. Ra3 Rfb8
20. Rd3 Rb4 21. Raxb3 Rc4 22. Rb7 Rxc5 23. Rc3 {1-0 Kochyev,A-Blauert,J/
Groningen op 1990 (52)}) (13... Nd5 {Ribli} 14. Bxe7 Qxe7 15. Ne4 Qb4 (15...
Rfb8 16. Qxc4 Rxb2 17. Rab1 Qb4 18. Qxc6 Rxb1 19. Qxa8+ Qb8 20. Qxb8+ Rxb8 21.
Nc5 {1/2-1/2 Timoshenko,G-Asrian,K/Open, Ubeda ESP 1998 (40)}) 16. Rdc1 Rfb8
17. Ra2 a5 18. Qxc4 Qe7 19. b3 Rb6 20. Nc5 h5 21. e3 h4 22. Qe2 Qg5 23. Rac2
Rd8 24. Rc4 g6 25. Qf3 {Dizdar,G-Ostojic,N/EUCup f Budapest 1996/1-0 (53)}) (
13... a5 {Ribli} 14. Bxf6 Bxf6 15. Ne4 Rb8 16. Ra3 $1 Be7 17. Rc3 Rb4 18. Rxc4
Rxc4 19. Qxc4 Qd5 20. Qc2 Rb8 21. e3 {Bator,R-Schussler,H/SVE-chT 1996/1-0 (60)
}) 14. Bxf6 (14. e3 {Ribli} Nd7 $1 (14... Ne8 $6) 15. Bxe7 Qxe7 16. Ne4 Rb4 (
16... c5 17. Qxc4 Rxb2 18. Rac1 cxd4 19. Qxc7 $36) 17. Nd2 c5 18. Nxc4 $11 Rfb8
{0-1 Dizdar,G-Sadler,M/EU-chTM 1997 (38)}) (14. a5 {Ribli} Rb4 15. Ra4 Qb8 16.
Rxb4 Qxb4 17. Bxf6 gxf6 18. Na2 Qb5 {1/2-1/2 Kochyev,A-Aseev,K/Leningrad 1989 
(38)}) 14... Bxf6 15. Ne4 {Schwarz besitzt einen Mehrbauern, aber seine
c-Bauern sind schwach. Jetzt beginnt ein konkreter taktischer Kampf.} (15. e3 {
Ribli} c5 $1 $11 (15... Be7 16. Rac1 Rb7 17. Ne4 Qd5 18. Nd2 c5 19. Nxc4 cxd4
20. Rxd4 {1-0 Piket,J-Lautier,J/Monaco rapid 1996 (61)})) 15... Rb4 (15... Be7
{Ribli} 16. Qxc4 Rxb2 17. Qxa6 Qd5 18. Nc3 $14 {[%csl Ga4,Rc6,Rc7]}) (15...
Bxd4 $4 {Ribli} 16. e3 {[%csl Gd1,Rd4,Rd8]}) 16. e3 Qd5 $1 $146 {[%csl Ga5,Gb5,
Gc4,Gc5,Ge4,Gf3] Schwarz hat keine Angst vor weiteren Doppelbauern. Vielleicht
ist Beliavsky ein Leser des ChessBase-Magazins, denn dieser Zug war mein
Vorschlag im CBM 63.} (16... Be7 $2) (16... Be7 $2 {Ribli Dieser Zug ist zu
passiv.} 17. Nd2 {[%cal Yd2c4]} Qd5 18. Rac1 {1-0 Illescas Cordoba,M-Lutz,C/
Pamplona 9798 1997 (47)}) (16... a5 {Ribli}) 17. Rac1 $6 (17. a5 $5) (17. Nxf6+
{Ribli} gxf6 18. e4 Qh5 $5 {[%csl Gb4][%cal Rf8b8,Rb8b2]} (18... Qa5)) 17...
Rfb8 {[%csl Rb2]} 18. Nc5 {[%csl Ra6]} a5 (18... Rxb2 {Ribli} 19. Qxc4 Qxc4 20.
Rxc4 $14 {[%csl Ra6,Rc6,Rc7]}) 19. Qe2 $2 (19. Na6 $1 Rxb2 20. Qxc4 Qf3 (20...
R8b6 21. Nc5 $44) 21. Rf1 (21. Qf1 $5) 21... R8b6 22. Nc5 Bg5 $1 (22... h5 $2
23. Nd7 R6b4 (23... Bg5 24. Nxb6 Bxe3 25. Rc2 $18) (23... h4 24. Nxb6 Rxb6 25.
Rfe1 Rb2 26. Qf1 $16) 24. Qc5 $1 $16) 23. Nd3 $5 (23. Nd7 Bxe3 24. Rc2 Rxc2 25.
Qxc2 Bxd4 26. Nxb6 cxb6 $19) (23. Rc2 Rb1 $15) 23... Bxe3 24. Rce1 $1 Bd2 25.
Rd1 $15) 19... Be7 {[%csl Rc5]} (19... Rxb2 {Ribli} 20. Qxc4 {[%csl Rc6,Rc7]})
20. e4 {[%csl Rd4]} Qd8 $17 (20... Qg5 21. Nd7 $132) 21. Na6 (21. Rxc4 Rxb2 $17
(21... Rxc4 {Ribli} 22. Qxc4 Rxb2 $15) (21... Bxc5 22. dxc5 (22. Rxc5 Rxd4 $15)
22... Qxd1+ 23. Qxd1 Rxc4 24. Qd7 Rxc5 25. Qxc7 Rf8 $11)) 21... Rxb2 22. Qxc4
R8b6 23. Nc5 R2b4 {[%csl Ra4,Rc5,Rd4]} 24. Qc2 $5 {Weiß hat einen Bauern
weniger, aber sein Springer steht gut auf c5 und er entfaltet positionellen
Druck gegen die schwarzen Doppelbauern in der c-Linie.} (24. Qc3 Bf6 25. e5 Be7
$17) 24... h5 (24... Rxd4 $5 {Ribli} 25. Nb3 (25. Rxd4 Qxd4 26. Rd1 Qb2 $17 (
26... Qb4 27. Nd7 Qb3 28. Qxb3 Rxb3 29. Ne5 c5 30. Nc6 $15 {[%csl Gc6]}) (26...
Qxc5 $2 27. Rd8+ Bxd8 (27... Bf8 $3 28. Qxc5 $18) 28. Qxc5 $14)) 25... Rxd1+
26. Rxd1 Qa8 $15) 25. Nd3 Rxd4 {Schwarz hat zwei Bauern mehr, aber seine
c-Bauern sind schwach, so daß er noch Probleme mit der Verwertung hat.} {[#]}
26. Ne5 Rb2 27. Qxb2 (27. Rxd4 {Ribli} Qxd4 $19 {[%csl Gb2,Rc2,Gd4,Re5,Rf2]})
27... Rxd1+ 28. Kg2 (28. Rxd1 $2 {Ribli} Qxd1+ 29. Kg2 Qxa4 $19) 28... Rd2 $4 (
28... Rxc1 29. Qxc1 Qd4 $19) (28... Bf6 $5 {Ribli} 29. Rxd1 Qxd1 30. Qb8+ Kh7
31. Nxf7 (31. Qxc7 Qxa4 32. Qxc6 Qxc6 33. Nxc6 Bc3 $19 (33... a4 34. e5 a3 35.
exf6 a2 $19)) 31... Qxa4 32. e5 Qe4+ 33. Kg1 Qe1+ 34. Kg2 Bxe5 $19) 29. Rc2 $1
Bb4 (29... Rxc2 {Ribli} 30. Qxc2 $15 {[%csl Gc6,Gc7]}) 30. Rxd2 (30. Nxc6 $2
Qd3 $1 31. Rxd2 Bxd2 $17) 30... Bxd2 (30... Qxd2 $6 31. Qxd2 Bxd2 32. Nxc6 $44
(32. Nxc6 {Ribli} Kf8 33. Kf3 Ke8 34. Ke2 Bb4 (34... Kd7 $4 35. Ne5+ $18) 35.
Kd3 $15)) 31. Qc2 $44 Qd6 32. Nxc6 {[%csl Ga2,Ga4,Ga5,Gb2,Gb3,Gb4,Gb5,Gc3,Gc4,
Gc5,Gd2,Gd3,Gd4,Gd5,Ge2,Ge3,Ge4,Ge5] Der weiße Springer blockiert den
Freibauern und in der Regel wirken Dame und Springer besser zusammen als Dame
und Läufer. Weiß kann daher noch berechtigt hoffen, die Partie zu retten.} g6
33. Qc4 Be1 34. Qc2 (34. Kf1 {Ribli} Qd1 (34... Qd2 35. Qe2 Qxe2+ 36. Kxe2 $14
{[%csl Ra5][%cal Re2d3,Rd3c4,Rc4b5]}) 35. Qe2 Qxa4 {[%csl Rc6]} 36. Ne7+ Kf8
$17 {[%csl Ga5]}) 34... Bb4 35. f4 $5 Bc5 $6 {Schwarz gibt den Mehrbauern
zurück und plant, die geschwächte weiße Königsstellung anzugreifen.} (35... Kf8
$142) 36. Nxa5 Qd4 37. Nc6 $1 Qg1+ 38. Kh3 Qf1+ {Der König scheint sich in
schwieriger Lage zu befinden, aber Weiß kann die Stellung halten.} 39. Kh4 (39.
Qg2 $2 Qa6 $17 (39... Qd1 {[%csl Rh3][%cal Rd1g4,Rd1a4] Ribli} 40. Qa2 Qg4+ 41.
Kg2 h4 $40 {[%csl Rg2]})) 39... Qf3 40. Kg5 $2 $138 {"Der König ist eine
starke Figur!", sagte der erste Schachweltmeister Wilhelm Steinitz.} (40. Kh3
$11) (40. h3 {Ribli} Bf2 $19 {[%csl Gf2,Gf3,Rg3,Rh4]}) 40... Bf8 $2 $138 (40...
h4 $1 {[%cal Yf3h5]} 41. Kf6 $8 hxg3 42. hxg3 $8 Qa3 43. Qg2 $1 (43. a5 Kf8 $19
) 43... Qxa4 (43... Kf8 44. Kg5 $1 Qxa4 45. e5 Qd1 46. Qh3 $1 Be7+ 47. Kh6 Qf3
48. Nxe7 Kxe7 49. Kg7 Qh5 50. Qg2 g5 51. Qc6 Qg6+ 52. Kh8 $11) 44. e5 Bf8 $17)
(40... Qg4+ $6 {Ribli} 41. Kf6 {[%csl Gf6]} (41. Kh6 $4 Bf8#)) 41. Ne5 $1 $11 (
41. Ne5 Be7+ (41... Kg7 $4 42. Qxc7 (42. Nxf3 $2 {Ribli} Be7#)) (41... Kh7 {
Ribli} 42. Qxc7 (42. Nxf3 $2 Be7#) (42. Nxf7 $2 Be7#) 42... Bh6+ 43. Kf6 Bg7+
44. Kxf7 Qxe4 45. a5 $16) 42. Kh6 Bf8+ 43. Kg5 Qa3 44. Qxc7 Be7+ 45. Kh6 Bf8+
46. Kg5 $11) (41. Kf6 $4 Qa3 42. a5 Bg7+ 43. Kg5 Qf3 $19) 1/2-1/2

[Event "Pamplona 9798 8th"]
[Site "Pamplona"]
[Date "1998.01.05"]
[Round "9"]
[White "Illescas Cordoba, Miguel"]
[Black "Lutz, Christopher"]
[Result "1-0"]
[WhiteElo "2585"]
[BlackElo "2590"]
[Annotator "Illescas Cordoba,M"]
[PlyCount "95"]
[EventDate "1997.12.28"]
[EventType "tourn"]
[EventRounds "9"]
[EventCountry "ESP"]
[EventCategory "13"]
[SourceTitle "CBM 063"]
[Source "ChessBase"]
[SourceDate "1998.03.26"]
[SourceVersion "1"]
[SourceVersionDate "1998.03.26"]
[SourceQuality "1"]

1. Nf3 {Ribli Hecht} Nf6 2. c4 e6 3. g3 d5 4. d4 {Ribli: Nach meiner Meinung
bietet diese Variante - klassische Katalanische Verteidigung - mehr Aussicht
auf Eröffnungsvorteil für Weiß als 4.Bg2 dxc4 5.Qa4 Nbd7. Ribli.} Be7 5. Bg2
O-O 6. O-O dxc4 {Ribli: Das ist eine sichere Variante für Schwarz. Seine
Hauptidee: Weiß muß Zeit verlieren, um den Bauern zurückzugewinnen, während
Schwarz die Entwicklung des Damenflügels beenden kann.} 7. Qc2 a6 8. a4 Bd7 9.
Rd1 {Ein seltener Zug.} (9. Qxc4 {Ribli} Bc6 10. Bg5) 9... Bc6 10. Nc3 $5 {
[%cal Ge2e4]} (10. Bg5 {Ribli} Nbd7 11. Qxc4 Bd5 12. Qc2 Be4 13. Qc1 h6 14.
Bxf6 Nxf6 15. Nc3 Bc6 16. Qc2 {1/2-1/2 Piket,J-Almasi,Z/Tilburg Fontys 1996 
(23)}) 10... Bxf3 {Ribli: Schwarz gibt das Läuferpaar auf, denn nach 11.e4
wäre der Läufer auf c6 eingeschlossen.} (10... Nbd7) (10... Bb4 $5 {Ribli Auf
diese Weise verhindert Schwarz den Zug 11.e4.} 11. Bg5 Bxc3 12. bxc3 (12. Qxc3
Ne4 13. Bxd8 Nxc3 14. bxc3 Rxd8 15. Ne5 Bxg2 16. Kxg2 Nd7 17. Nxc4 $11) 12...
Be4 13. Qb2 Nbd7 {[%csl Ge4]}) 11. Bxf3 Nc6 {[%cal Yc6a5,Yc6d4]} 12. Bxc6 bxc6
13. Bg5 (13. e4 {Ribli} Qb8 {1/2-1/2 Quinteros,M-Zarnicki,P/Acasusso Valle op
1994}) (13. a5 {Ribli} Qb8 14. Qa4 c5 15. Qxc4 cxd4 16. Rxd4 c5 17. Rd1 Qb4 18.
Ra4 {1/2 Razuvaev-Geller, Moskva 1982}) 13... Rb8 (13... c5 {Ribli} 14. dxc5
Qb8 15. Ne4 Qb3 16. Qxb3 cxb3 17. Bxf6 Bxf6 18. Nxf6+ gxf6 19. Ra3 (19. Rd4
Rfb8 20. Kf1 e5 21. Rg4+ Kf8 22. Ke1 Rd8 23. Rc1 Rab8 24. Rc3 Rd5 25. f3 Ke7
26. Rgc4 {1/2 Razuvaev-Kotronias, Moskva 1989}) 19... Rfb8 20. Rd3 Rb4 21.
Raxb3 Rc4 22. Rb7 Rxc5 23. Rc3 {1-0 Kochyev,A-Blauert,J/Groningen op 1990 (52)}
) (13... Nd5 {Ribli} 14. Bxe7 Qxe7 15. Ne4 Qb4 16. Rdc1 Rfb8 17. Ra2 a5 18.
Qxc4 Qe7 19. b3 Rb6 20. Nc5 h5 21. e3 h4 22. Qe2 Qg5 23. Rac2 Rd8 24. Rc4 g6
25. Qf3 {Dizdar,G-Ostojic,N/EUCup f Budapest 1996/1-0 (53)}) (13... a5 {Ribli}
14. Bxf6 Bxf6 15. Ne4 Rb8 16. Ra3 $1 Be7 17. Rc3 Rb4 18. Rxc4 Rxc4 19. Qxc4 Qd5
20. Qc2 Rb8 21. e3 {Bator,R-Schussler,H/SVE-chT 1996/1-0 (60)}) 14. Bxf6 {
Ribli: Das ist eine gute Idee von Weiß. Der schwarze Läufer wird weniger
effektiv gegen den Springer.} (14. e3 {Ribli} Nd7 $1 15. Bxe7 Qxe7 16. Ne4 Rb4
(16... c5 17. Qxc4 Rxb2 18. Rac1 cxd4 19. Qxc7 {[%cal Gc7e7]}) 17. Nd2 c5 18.
Nxc4 $11 Rfb8 {0-1 Dizdar,G-Sadler,M/EU-chTM 1997 (38)}) (14. a5 {Ribli} Rb4
15. Ra4 Qb8 16. Rxb4 Qxb4 17. Bxf6 gxf6 18. Na2 Qb5 {1/2-1/2 Kochyev,A-Aseev,K/
Leningrad 1989 (38)}) 14... Bxf6 15. Ne4 $1 $146 {[%csl Yc5][%cal Gc2c4] Ribli:
Weiß hat noch einen Minusbauern, aber alle schwarzen Bauern am Damenflügel
sind schwach. Trotzdem besitzt Schwarz Gegenspiel in der b-Linie.} (15. e3 {
Piket-Lautier, Monaco 1996} c5 $1 $11 (15... Be7 {Ribli} 16. Rac1 Rb7 17. Ne4
Qd5 18. Nd2 c5 19. Nxc4 cxd4 20. Rxd4 {1-0 Piket,J-Lautier,J/Monaco rapid 1996
(61)})) 15... Rb4 $1 {[%csl Gb4][%cal Yb4a4,Yb4c4,Yb4b2]} (15... Be7 {Ribli}
16. e3 (16. Qxc4 Rxb2 17. Qxa6 Qd5 18. Nc3 $14)) (15... Bxd4 {Ribli} 16. e3 $2
$18) 16. e3 Be7 $2 {Ribli: Mit diesem Zug verliert Schwarz ein wichtiges Tempo,
während sich Weiß eine starke Springerstellung auf c4 aufbauen kann.} (16... a5
{[%csl Gf6][%cal Yf6b2]}) (16... Qd5 {Ribli} 17. Nxf6+ gxf6 18. e4 Qh5 {
[%csl Gb4][%cal Rf8b8,Rb8b2] Ribli: Es ist wahr, daß Schwarz eine schlechte
Bauernstellung hat, aber seine Figuren sind aktiv und er besitzt einen
Mehrbauern.}) 17. Nd2 {[%cal Yd2c4]} Qd5 18. Rac1 c5 (18... Rfb8 {Ribli} 19.
Nxc4 $14) (18... Qa5 {Ribli} 19. Nxc4 Qxa4 20. Qxa4 Rxa4 21. Ne5 {[%csl Rc6,
Rc7]} Bd6 22. Nxc6 Ra2 23. Rc2 $14 {Ribli: Dank seiner besseren Bauernstruktur
und des aktiven Springers auf c6 steht Weiß etwas besser.}) 19. Nxc4 cxd4 20.
Rxd4 Qc5 21. b3 {Ribli: Weiß hat keine Drohungen, aber sein Vorteil ist
trotzdem unangenehm. Schwarz hat keine Möglichkeit, aktiv zu spielen, während
Weiß Zug um Zug seine Stellung verbessern kann.} Rfb8 (21... e5 {Ribli} 22. Rd3
Rfb8) 22. Rd3 $14 {[%csl Ra6,Rc7,Gd3][%cal Gd3b3,Gd3d7]} g6 {Ribli: Auf den
ersten Blick ist das ein natürlicher Wartezug, aber nach dem folgendem Zug des
Anziehenden muß Schwarz die Damen tauschen, was die weißen Chancen erhöht.} (
22... Qh5 {Ribli}) 23. Nd2 $1 Qxc2 24. Rxc2 {[%csl Gc2,Gd3][%cal Gc2c7,Gd4d7,
Gd3d7]} c5 {[%csl Re7] Ribli: Dieser Zug gefällt mir nicht. Die schwachen
Bauern sollte man für eine bessere Verteidigung hinten lassen.} (24... Bd6 $5 {
Ribli und Schwarz beabsichtigt ...Kf8-e7-d7.}) 25. Kf1 {Ribli: Weiß hat einen
einfachen Plan. Sein König strebt nach c2, wo er die Bauernschwäche auf b3
verteidigt, um den Springer zu entlasten.} R8b7 $6 (25... Kf8 26. Ke2 Ke8 $14)
26. Ke2 h5 $6 {[%csl Rg6] >< g6} (26... Kf8 $142 27. Rc4 Rxc4 28. Nxc4 Ke8 29.
Kd2 f6 30. Kc2 Rd7 $14) 27. Rc4 Rxc4 (27... R4b6 {Ribli} 28. Kd1 $14 {[%cal
Gd1c2]}) 28. Nxc4 Kf8 29. Kd2 $16 {[%csl Ra6,Gc4,Rc5,Gd3,Re7] [#] Hecht: 
Schwarze Bauern- und Felderschwächen sowie durch den Bc5 erheblich
eingschränkter Läufer.} g5 {Ribli: Schwarz verliert die Geduld. Er gewinnt
zwar etwas Raum am Königsflügel und legt die weißen Bauern fest, schwächt
allerdings auch den eigenen Königsflügel.} (29... Ke8 30. Kc2 {[%cal Yc4d6] /\
Nd6} Rd7 31. Rxd7 Kxd7 32. Ne5+ {[%csl Rf7]} Ke8 (32... Kd6 33. Nxf7+ Kd5 34.
Kd3 Bf6 35. e4+ Kc6 36. h4 $18) 33. Kd3 $16 (33. Kd3 {Hecht} Bd6 34. f4 Bxe5
35. fxe5 Kd7 36. Kc4 Kc6 37. a5 g5 38. h3 $22 $18)) (29... Ke8 {Ribli}) 30. h3
$1 {[%csl Rg5][%cal Yg3g4] /\ g4} g4 31. hxg4 hxg4 32. Kc2 f5 $138 (32... Kg7 {
Hecht} 33. Ne5 {[%csl Rg4][%cal Rd3d7]} f5 (33... f6 34. Rd7) (33... Bf6 34.
Rd7) 34. Rd7 Rxd7 35. Nxd7 {[%csl Rc5][%cal Rc2d3,Rd3c4]} Kf7 36. Kd3 Ke8 37.
Nb8 Bd6 38. Nxa6 Kd7 39. Kc4 Kc6 40. b4 cxb4 41. Nxb4+ Kb6 42. Nc2 $18 {
[%csl Re6,Rf5][%cal Rc2d4]}) 33. e4 $1 {Ribli: Es scheint mir, daß nur Weiß
Chancen am Königsflügel hat.} fxe4 (33... Kg7 34. exf5 exf5 35. Rd5 $18 {
[%csl Rc5,Rf5]} (35. Rd5 {Hecht} Kg6 36. Ne3 Rb4 37. Nxf5 $16)) (33... Kf7 {
Hecht} 34. exf5 exf5 35. Nd6+ (35. Rd6 $36 {[%csl Gd6] Ribli} Ra7 $14 {Schwarz
kann nur warten, Weiß hat freie Hand.} (35... Bxd6 $4 36. Nxd6+ $18)) (35. Rd5
Ke6 (35... Kf6 $2 36. Ne3 $16) 36. Re5+ Kf6) 35... Bxd6 36. Rxd6 c4 $6 (36...
Re7 $142 $5 {[%cal Re7e2]}) 37. bxc4 Rb4 38. Rxa6 Rxc4+ 39. Kb3 Re4 40. a5 Re2
41. Rb6 Rxf2 42. a6 Rf1 43. Ka2 $18) 34. Re3 {[%csl Ra6,Rc5,Re4,Re6,Rg4] >< e4,
e6,g4,c5,a6 Ribli: Ein interesantes Bild: Schwarz hat fünf Bauern und zugleich
fünf Bauerninseln.} Bf6 35. Rxe4 Bd4 36. Rxg4 Bxf2 37. Rg6 (37. Rf4+ $142 Rf7
38. Rxf7+ Kxf7 39. Nd6+ $18 {[%csl Rf2] /\ Ne4, g4, Kd3-c4}) 37... Bd4 (37...
Re7 38. Rf6+ $18) (37... Kf7 {Hecht} 38. Ne5+ (38. Ne5+ {Ribli} Ke7 (38... Ke8
39. Rg8+ $16) (38... Kf8 39. Rf6+ $18) 39. Rg7+ $16)) 38. Rxe6 {Mit diesem Zug
gewinnt Weiß einen Bauern.} Rf7 (38... Ra7 {Ribli} 39. Nd6 $16) 39. Rxa6 Rf3 (
39... Rf2+ {Ribli} 40. Kd3 Rf3+ 41. Ke4 Rxb3 42. a5 $16 {Der gut
zentralisierte Läufer kann nicht gegen den weißen a-Bauern kämpfen.} (42. g4
Rg3)) 40. Rb6 {>< b3} Rc3+ 41. Kd2 Rxg3 42. a5 $18 {[%cal Ga5a8] Hecht: Der
Springer ist dem Läufer allein durch Behauptung der Position auf c4 überlegen.
Erneut behindert der Bc5 den Läufer an einem wirksamen Einsatz. Ribli: Der
weiße a-Bauer entscheidet die Partie. Ein typisches Beispiel zum Thema
"Springer gegen schlechter Läufer".} Ke8 43. a6 Kd7 (43... Rg2+ 44. Kd3 Ra2 45.
Ke4 $18 {[%cal Ge4c6]}) 44. Rb7+ $1 (44. a7 Rg2+ 45. Kd3 Ra2 46. Rh6 $1 Kc7 47.
Rh7+ Kc6 48. b4 $1 {/\ Na5} cxb4 49. Kxd4 b3 50. Kc3 $18) 44... Kc6 (44... Ke6
45. a7 Rg2+ 46. Kd3 Ra2 47. Nb6 $18) 45. Na5+ $1 {<-> a} Kd5 {Die schwarze
Aktivität reicht nur für eine Falle, mehr nicht.} 46. a7 Rg2+ (46... Rg8 {Ribli
} 47. Rb8 $18) 47. Kd1 Ke4 (47... Rg1+ 48. Ke2 Rg2+ 49. Kf3 Rf2+ 50. Kg4 Rg2+
51. Kh3 Rg8 52. Rb8 $18) 48. Re7+ {Ribli: und Schwarz gab in völlig
hoffnungsloser Stellung auf.} (48. a8=Q $4 {Ribli: Unglaublich, aber Weiß kann
das Dauerschach nicht vermeiden. Ribli.} Rg1+ $11 49. Ke2 (49. Kc2 Rg2+ 50. Kb1
Rg1+ 51. Kc2 $11 (51. Ka2 $4 Ra1#)) 49... Rg2+ 50. Kf1 Rg1+) (48. Re7+ Kd3 49.
a8=Q Rg1+ 50. Re1 $18) 1-0